Rolling Stone's 500 Greatest Albums Of All Time - Statistics

General Stats
  • This quiz has been taken 1,402 times
  • The average score is 248 of 500
Answer Stats
Hint Answer % Correct
Abbey Road | Hard Day's Night | Help! | +6 others The Beatles
100%
Bad | Off The Wall | Thriller Michael Jackson
99%
Houses Of The Holy | Led Zeppelin | Led Zeppelin II | +2 others Led Zeppelin
98%
1999 | Dirty Mind | Sign O' The Times Prince
98%
Purple Rain Prince & The Revolution
98%
Beyonce | Lemonade | Renaissance Beyonce
96%
Elvis Presley | From Elvis In Memphis | The Sun Sessions Elvis Presley
96%
The Marshall Mathers LP | The Slim Shady LP Eminem
95%
In Utero | MTV Unplugged In New York | Nevermind Nirvana
95%
The Dark Side Of The Moon | The Piper At The Gates Of Dawn | The Wall | Wish You Were Here Pink Floyd
95%
Get Rich Or Die Tryin' 50 Cent
94%
Blonde On Blonde | Blood On The Tracks | Bringing It All Back Home | +4 others Bob Dylan
94%
Born In The USA | Born To Run | Darkness On The Edge Of Town | +2 others Bruce Springsteen
94%
Master Of Puppets | Metallica (The Black Album) Metallica
94%
Eagles | Hotel California The Eagles
94%
London Calling | Sandinista! | The Clash The Clash
93%
Black Sabbath | Master Of Reality | Paranoid Black Sabbath
92%
Hunky Dory | Low | Scary Monsters | +2 others David Bowie
92%
Control | Rhythm Nation 1814 | The Velvet Rope Janet Jackson
92%
Back In Black AC/DC
91%
Goodbye Yellow Brick Road | Honky Chateau Elton John
90%
Beggars Banquet | Exile On Main Street | Let It Bleed | +2 others The Rolling Stones
90%
Whitney Houston Whitney Houston
90%
Graceland | Paul Simon Paul Simon
89%
Ramones | Rocket To Russia Ramones
89%
The Doors The Doors
89%
Call Me | Greatest Hits | I'm Still In Love With You Al Green
88%
Rumours Fleetwood Mac
88%
Imagine | Plastic Ono Band John Lennon
88%
Like A Prayer | Ray Of Light | The Immaculate Collection Madonna
88%
Van Halen Van Halen
88%
Never Mind The Bollocks Here's The Sex Pistols The Sex Pistols
87%
American Idiot | Dookie Green Day
86%
The Miseducation Of Lauryn Hill Lauryn Hill
86%
Blood Sugar Sex Magik | Californication Red Hot Chili Peppers
86%
Pet Sounds | Wild Honey The Beach Boys
86%
Here, My Dear | Let's Get It On | What's Going On Marvin Gaye
85%
Loaded | The Velvet Underground | The Velvet Underground And Nico | White Light/White Heat The Velvet Underground
85%
Blondie | Parallel Lines Blondie
84%
In Rainbows | Kid A | OK Computer | The Bends Radiohead
83%
Enter The Wu-Tang (36 Chambers) Wu-Tang Clan
83%
Achtung Baby | The Joshua Tree U2
82%
The Diary Of Alicia Keys Alicia Keys
81%
Are You Experienced | Electric Ladyland Jimi Hendrix
81%
808s & Heartbreak | Graduation | Late Registration | +3 others Kanye West
81%
Axis: Bold As Love The Jimi Hendrix Experience
81%
A Night At The Opera Queen
80%
Raising Hell | Run-DMC Run-DMC
80%
Weezer (The Blue Album) Weezer
80%
Reasonable Doubt | The Black Album | The Blueprint Jay-Z
79%
Something Else By The Kinks | The Kinks Are The Village Green Preservation Society The Kinks
79%
Back To Black Amy Winehouse
78%
Bridge Over Troubled Water Simon & Garfunkel
78%
1989 | Folklore | Red Taylor Swift
78%
(What's The Story) Morning Glory? | Definitely Maybe Oasis
77%
Rage Against The Machine Rage Against The Machine
77%
Live At Leeds | The Who Sell Out | Tommy | Who's Next The Who
77%
21 Adele
76%
Songs Of Leonard Cohen Leonard Cohen
76%
Sheryl Crow Sheryl Crow
76%
Innervisions | Music Of My Mind | Songs In The Key Of Life | Talking Book Stevie Wonder
76%
Tracy Chapman Tracy Chapman
76%
Appetite For Destruction Guns N Roses
75%
At Folsom Prison Johnny Cash
75%
Ten Pearl Jam
75%
Proud Mary: The Best Of Ike And Tina Turner Ike & Tina Turner
74%
Straight Outta Compton N.W.A
74%
The B-52's The B-52's
74%
Murmur R.E.M
73%
Jagged Little Pill Alanis Morissette
72%
Faith George Michael
71%
(Pronounced ‘Lĕh-‘nérd ‘Skin-‘nérd) Lynyrd Skynyrd
71%
Crosby, Stills & Nash Crosby, Stills & Nash
70%
I Want To See The Bright Lights Tonight Richard & Linda Thompson
70%
Fun House | The Stooges The Stooges
70%
Born This Way Lady Gaga
69%
Music From Big Pink | The Band The Band
69%
Here's Little Richard Little Richard
68%
The Cars The Cars
68%
DAMN | Good Kid, m.A.A.d City | To Pimp A Butterfly Kendrick Lamar
67%
Tapestry Carole King
66%
Pretenders The Pretenders
65%
Amazing Grace | I Never Loved A Man The Way I Love You | Lady Soul | Young, Gifted & Black Aretha Franklin
64%
Check Your Head | Licensed To Ill | Paul's Boutique Beastie Boys
64%
Live At The Apollo | Sex Machine | Star Time James Brown
64%
Horses Patti Smith
64%
Automatic For The People R.E.M.
64%
All Eyez On Me 2Pac
63%
The Chronic Dr Dre
63%
After The Gold Rush | Everybody Knows This Is Nowhere | Harvest | +3 others Neil Young
63%
Life After Death The Notorious B.I.G
63%
Live At The Regal B.B King
62%
Catch A Fire | Exodus Bob Marley & The Wailers
60%
Aquemini | Speakerboxxx/The Love Below | Stankonia OutKast
60%
Synchronicity The Police
60%
Bo Diddley/Go Bo Diddley Bo Diddley
59%
If You're Reading This It's Too Late | Take Care Drake
59%
Car Wheels On A Gravel Road | Lucinda Williams Lucinda Williams
59%
Dictionary Of Soul | Otis Blue Otis Redding
59%
The Stone Roses The Stone Roses
59%
Anthology Diana Ross & The Supremes
57%
Presenting The Fabulous Ronettes The Ronettes
56%
De La Soul Is Dead | Three Feet High And Rising De La Soul
55%
Q: Are We Not Men? A: We Are Devo! Devo
54%
Brothers In Arms Dire Straits
54%
Bitches Brew | Kind Of Blue Miles Davis
54%
All Things Must Pass George Harrison
53%
Illmatic Nas
53%
Astral Weeks | Moondance Van Morrison
53%
The Stranger Billy Joel
52%
Dusty In Memphis Dusty Springfield
52%
Blue | Court And Spark | Hejira | The Hissing Of Summer Lawns Joni Mitchell
52%
The Queen Is Dead The Smiths
52%
Sweet Baby James James Taylor
51%
A Rush Of Blood To The Head Coldplay
50%
Cosmo's Factory | Willy And The Poor Boys Creedence Clearwater Revival
50%
40 Greatest Hits Hank Williams
50%
Ace Of Spades Motorhead
50%
Fear Of A Black Planet | It Takes A Nation Of Millions To Hold Us Back Public Enemy
49%
Diana Diana Ross
48%
Coat Of Many Colors Dolly Parton
48%
Parklife Blur
47%
At Last! Etta James
47%
The Black Parade My Chemical Romance
47%
Anti Rihanna
47%
More Songs About Buildings And Food | Remain In Light Talking Heads
46%
Tha Carter II | Tha Carter III Lil Wayne
45%
New York Dolls New York Dolls
45%
Pretty Hate Machine | The Downward Spiral Nine Inch Nails
45%
Discovery | Random Access Memories Daft Punk
44%
In The Wee Small Hours Frank Sinatra
44%
Hounds Of Love Kate Bush
44%
Disintegration The Cure
44%
The Definitive Collection Abba
43%
Mr Tambourine Man | Sweetheart Of The Rodeo The Byrds
43%
Rocks Aerosmith
42%
Blond | Channel Orange Frank Ocean
42%
The Emancipation Of Mimi Mariah Carey
42%
Aja | Can't Buy A Thrill Steely Dan
42%
Siamese Dream The Smashing Pumpkins
42%
Elephant The White Stripes
42%
Abraxas Santana
41%
John Prine John Prine
40%
Ready To Die The Notorious B.I.G.
40%
The Basement Tapes Bob Dylan & The Band
39%
Demon Days Gorillaz
39%
Is This It The Strokes
39%
Curtis | Superfly Curtis Mayfield
38%
Layla And Other Assorted Love Songs Derek & The Dominos
38%
A Love Supreme | Giant Steps John Coltrane
38%
Transformer Lou Reed
38%
When We All Fall Asleep, Where Do We Go? Billie Eilish
37%
Harry's House Harry Styles
37%
Pearl Janis Joplin
37%
Norman Fucking Rockwell! Lana Del Rey
37%
Mama Said Knock You Out LL Cool J
37%
Odelay Beck
36%
The Great Twenty-Eight Chuck Berry
36%
Full Moon Fever | Wildflowers Tom Petty
36%
AM Arctic Monkeys
35%
Doolittle | Surfer Rosa Pixies
35%
Moving Pictures Rush
35%
CrazySexyCool TLC
35%
Modern Sounds In Country And Western Music | The Birth Of Soul Ray Charles
34%
Red Headed Stranger Willie Nelson
34%
Violator Depeche Mode
33%
She's So Unusual Cyndi Lauper
32%
Closer | Unknown Pleasures Joy Division
32%
Every Picture Tells A Story Rod Stewart
32%
AmeriKKKa’s Most Wanted Ice Cube
31%
Surrealistic Pillow Jefferson Airplane
31%
Midnight Marauders | The Low End Theory A Tribe Called Quest
30%
The Score Fugees
30%
Maggot Brain | ‘One Nation Under A Groove Funkadelic
30%
Greatest Hits | Stand! | There's A Riot Goin' On Sly & The Family Stone
30%
Mingus Ah Um Charles Mingus
29%
Grace Jeff Buckley
29%
Alive! Kiss
29%
King Of The Delta Blues Singers Robert Johnson
29%
Close To The Edge Yes
29%
Blackout Britney Spears
28%
Bad Girls Donna Summer
28%
American Beauty | Workingman's Dead Grateful Dead
28%
Ram Paul & Linda McCartney
28%
So Peter Gabriel
28%
Marquee Moon Television
28%
Confessions Usher
28%
Tea For The Tillerman Cat Stevens
27%
This Year's Model Elvis Costello
27%
Coal Miner's Daughter Loretta Lynn
27%
Diamond Life | Love Deluxe Sade
27%
Homogenic | Post Bjork
26%
Madvillainy Madvillain
26%
Brown Sugar | Voodoo D'Angelo
25%
Black Messiah D'Angelo & The Vanguard
25%
Baduzim | Mama's Gun Erykah Badu
25%
Trans Europe Express Kraftwerk
25%
Blue Lines | Mezzanine Massive Attack
25%
Loveless My Bloody Valentine
25%
In The Aeroplane Over The Sea Neutral Milk Hotel
25%
Pink Moon Nick Drake
25%
Dummy Portishead
25%
Different Class Pulp
25%
20 Golden Greats Buddy Holly
24%
Melodrama Lorde
24%
Sour Olivia Rodrigo
24%
Come On Over Shania Twain
24%
Risque Chic
23%
Doggystyle Snoop Doggy Dogg
23%
Ctrl | SOS SZA
23%
The Raincoats The Raincoats
23%
Funeral Arcade Fire
22%
Un Verano Sin Ti | X 100pre Bad Bunny
22%
Extraordinary Machine | The Idler Wheel | When The Pawn... Fiona Apple
22%
Exile In Guyville Liz Phair
22%
Avalon Roxy Music
22%
At Fillmore East The Allman Brothers
22%
Anthology The Temptations
22%
Yankee Hotel Foxtrot Wilco
22%
Los Angeles X
22%
Heaven Or Las Vegas Cocteau Twins
21%
Nilsson Schmilsson Harry Nilsson
21%
Supa Dupa Fly Missy 'Misdemeanor' Elliott
21%
Power, Corruption & Lies New Order
21%
Wild Is The Wind Nina Simone
21%
Mothership Connection Parliament
21%
Ask Rufus Rufus & Chaka Khan
21%
Live At The Harlem Square Club, 1963 | Portrait Of A Legend Sam Cooke
21%
Dónde Están Los Ladrones Shakira
21%
Daydream Nation Sonic Youth
21%
Beauty And The Beat The Go-Go's
21%
Beauty Behind The Madness The Weeknd
21%
Modern Vampires Of The City Vampire Weekend
21%
Paid In Full Eric B & Rakim
20%
Live Through This Hole
20%
Forever Changes Love
20%
Currents Tame Impala
20%
Bizarre Ride II The Pharcyde The Pharcyde
20%
For Emma Bon Iver
19%
That's The Way Of The World Earth, Wind & Fire
19%
All Killer No Filler! Jerry Lee Lewis
19%
Kick Out The Jams MC5
19%
Damn The Torpedoes Tom Petty & The Heartbreakers
19%
Rain Dogs Tom Waits
19%
Electric Warrior T-Rex
19%
The Writing's On The Wall Destiny's Child
18%
Liquid Swords GZA
18%
Going To A Go Go Smokey Robinson & The Miracles
18%
The Modern Lovers The Modern Lovers
18%
Hot Buttered Soul Isaac Hayes
17%
Crooked Rain Crooked Rain | Slanted And Enchanted | Wowee Zowee Pavement
17%
Rid Of Me | Stories From The City, Stories From The Sea PJ Harvey
17%
Reach Out The Four Tops
17%
Odessey And Oracle The Zombies
17%
Nuggets: Original Artyfacts From The First Psychedelic Era | Saturday Night Fever | The Indestructible Beat Of Soweto Various Artists
17%
Lady In Satin Billie Holiday
16%
Just As I Am | Still Bill Bill Withers
16%
Another Green World | Here Come The Warm Jets Brian Eno
16%
Man On The Moon: The End Of The Day Kid Cudi
16%
Arular M.I.A.
16%
Actually Pet Shop Boys
16%
I Do Not Want What I Haven't Got Sinead O'Connor
16%
Endtroducing... DJ Shadow
15%
The Anthology Muddy Waters
15%
Deja Vu Crosby, Stills, Nash & Young
14%
Either/Or Elliott Smith
14%
Head Hunters Herbie Hancock
14%
My Life | What's The 411? Mary J Blige
14%
Suicide Suicide
14%
Little Earthquakes Tori Amos
14%
Damaged Black Flag
13%
Nick Of Time Bonnie Raitt
13%
Ege Bamyasi Can
13%
Donuts J Dilla
13%
Sound Of Silver LCD Soundsystem
12%
69 Love Songs Magnetic Fields
12%
The Infamous Mobb Deep
12%
Only Built 4 Cuban Linx Raekwon
12%
Amor Prohibido Selena
12%
Let It Be The Replacements
12%
Things Fall Apart The Roots
12%
The Harder They Come: Original Soundtrack Jimmy Cliff & Various Artists
11%
Continuum John Mayer
11%
Heart Like A Wheel Linda Ronstadt
11%
Last Splash The Breeders
11%
If You're Feeling Sinister Belle & Sebastian
10%
#1 Record | Radio City | Third/Sister Lovers Big Star
10%
Smile Brian Wilson
10%
Entertainment! Gang Of Four
10%
Supreme Clientele Ghostface Killah
10%
Golden Hour Kacey Musgraves
10%
Double Nickles On The Dime Minutemen
10%
The Ultimate Collection Patsy Cline
10%
Sail Away Randy Newman
10%
Cheap Thrills Big Brother & The Holding Company
9%
Barrio Fino Daddy Yankee
9%
El Mal Querer Rosalia
9%
Kimono My House Sparks
9%
Fever To Tell Yeah Yeah Yeahs
9%
One In A Million Aaliyah
8%
II Boyz II Men
8%
Singles Going Steady Buzzcocks
8%
Fly Dixie Chicks
8%
Gris-Gris Dr John
8%
How Will The Wolf Survive? Los Lobos
8%
Never Too Much Luther Vandross
8%
The Shape Of Jazz To Come Ornette Coleman
8%
A Seat At The Table Solange
8%
Something/Anything? Todd Rundgren
8%
White Flag Wire
8%
Expensive Shit Fela Kuti & Africa 70
7%
Moanin' In The Moonlight Howlin' Wolf
7%
New Day Rising Husker Du
7%
Clandestino Manu Chao
7%
Body Talk Robyn
7%
Germfree Adolescents X-Ray Spex
7%
First Take Roberta Flack
6%
Dig Me Out Sleater-Kinney
6%
The Gilded Palace Of Sin The Flying Burrito Brothers
6%
3 + 3 The Isley Brothers
6%
Journey In Satchidanada Alice Coltrane
5%
Eli & The 13th Confession Laura Nyro
5%
Looka Py Py The Meters
5%
Funky Kingston Toots & The Maytals
5%
I Can Hear The Heart Beating As One Yo La Tengo
5%
Criminal Minded Boogie Down Productions
4%
400 Degreez Juvenile
4%
Back To Mono (1958-1969) Phil Spector & Various Artists
4%
Cut The Slits
4%
Rapture Anita Baker
3%
African Giant Burna Boy
3%
Time (The Revelator) Gillian Welch
3%
BLACKsummer'snight Maxwell
3%
Down Every Road 1962-1994 Merle Haggard
3%
Chief Eric Church
2%
Southeastern Jason Isbell
2%
Kaleidoscope Kelis
2%
The Weight Of These Wings Miranda Lambert
2%
Red Black Uhuru
1%
The Best Of The Classic Years King Sunny Ade
1%
No matching quizzes found
Score Distribution
Percent of People with Each Score
Percentile by Number Answered
Your Score History
You have not taken this quiz